logo

Bir Sreshtho Munshi Abdur Rouf Library
Jhenaidah Cadet College

রোকেয়া : (Record no. 8186)

MARC details
000 -LEADER
fixed length control field 00950nam a2200253 a 4500
001 - CONTROL NUMBER
JCCL Control Number 8186
003 - CONTROL NUMBER IDENTIFIER
JCCL marc code BD-JhCC
005 - DATE AND TIME OF LATEST TRANSACTION
control field 20180417084304.0
008 - FIXED-LENGTH DATA ELEMENTS--GENERAL INFORMATION
fixed length control field 180417s2008 bg |||| |||| 000 0 ben d
020 ## - INTERNATIONAL STANDARD BOOK NUMBER
International Standard Book Number 9847011700373
035 ## - SYSTEM CONTROL NUMBER
system control number (BD-JhCC)8186
040 ## - CATALOGING SOURCE
Original cataloging agency BD-JhCC
Modifying agency BD-JhCC
041 ## - LANGUAGE CODE
Language code of Book ben
082 ## - DEWEY DECIMAL CLASSIFICATION NUMBER
Classification number 305.42
Author mark and Year ROK 2008
245 ## - TITLE STATEMENT
Title রোকেয়া :
Remainder of title যুক্তিবাদ নবজাগরণ ও শিক্ষা-সমাজতত্ত্ব /
Statement of responsibility, etc সম্পাদনায় আনোয়ারুল ভূঁইয়া
260 ## - PUBLICATION, DISTRIBUTION, ETC. (IMPRINT)
Place of publication, distribution, etc ঢাকা :
Name of publisher, distributor, etc রোদেলা প্রকাশনী;
Date of publication, distribution, etc ২০০৮.
300 ## - PHYSICAL DESCRIPTION
Pagination ৩৯৯ পৃ. :
Dimensions ১৯ সেমি.
504 ## - BIBLIOGRAPHY, ETC. NOTE
Bibliography, etc গ্রন্থপঞ্জি সংযোজিত।
600 ## - SUBJECT ADDED ENTRY--PERSONAL NAME
Personal name Rokeya, Shakawath
650 ## - SUBJECT ADDED ENTRY--TOPICAL TERM
Topical term or geographic name as entry element Sociology
650 ## - SUBJECT ADDED ENTRY--TOPICAL TERM
Topical term or geographic name as entry element Women
700 ## - ADDED ENTRY--PERSONAL NAME
Personal name ভূঁইয়া, আনোয়ারুল
942 ## - ADDED ENTRY ELEMENTS (KOHA)
Source of classification or shelving scheme Dewey Decimal Classification
Koha item type Books
Holdings
Source of classification or shelving scheme Damaged status Not for loan Home library Current library Shelving location Date of accession Cost, normal purchase price Total Checkouts Full call number Barcode Date last seen Copy number Koha item type
Dewey Decimal Classification     JCC Rouf Library JCC Rouf Library General Stacks 02/19/2018 400.00   305.42 ROK 2008 10559 02/19/2018 C-1 Books

JCC Library | Contacts | JCC Home

Last Update on 23 September 2017
Copyright @ 2017-2020 JCC Rouf Library
Rouf Library, Jhenidah Cadet College (JCC), Bangladesh